00377nam a2200145Ia 4500008004100000020001600041041001200057082001600069100001200085245006400097260003200161300001000193650001600203700001200219221030s9999 xx 000 0 und d a08125907890 aEnglish a105.23bLeo aA. Leon 0aFundamentals of Information Technologycby A. Leon, M. Leon bVikas Pub.aNew Delhic2000 a36.12 aBE Computer aM. Leon